000
00419nam a2200145Ia 4500
008
100122s9999 xx 000 0 und d
082
_b
34757
_a
823
100
_a
चट्टोपाध्याय श
245
_a
सुप्रभात
260
_b
शं.वा.कुलकर्णी
_c
1960
300
_a
112
630
_a
सुप्रभात
730
_a
सुप्रभात
942
_c
BOOK
999
_c
418231
_d
418228